000 01352cam a2200385Ma 4500
001 ocn762968370
003 TZ-ArACH
005 20130703112332.0
006 m o d
007 cr cn|||||||||
008 100110s2009 quc o 000 0 fre d
020 _z9782763790138 (print)
035 _a(OCoLC)762968370
_z(OCoLC)664095583
040 _aLVB
_bfre
_cTZ-ArACH
_dOCLCQ
_dMUQ
_dOCLCQ
_dUQ1
_dOCLCO
_dOCLCQ
041 _aFre
049 _aTZAA
050 4 _aKZ3410
_b.L48
082 0 4 _a341
100 1 _aLeuprecht, Peter.
_911545
245 1 0 _aDéclin du droit international?
_h[ressource électronique] /
_cPeter Leuprecht.
260 _aQuébec [Que.] :
_bPresses de l'Université Laval,
_c2009.
300 _a26 p.
490 1 _aMercure du Nord/Verbatim
500 _aTitre de l'écran-titre (visionné le 20 juin 2011).
650 0 _aInternational law.
_911546
650 6 _aDroit international.
_911547
650 6 _aOrganisation internationale.
_911548
650 1 7 _aDroit international.
_911549
650 7 _aDroits de l'homme.
_911550
650 7 _aOrdre mondial.
_911551
830 0 _aMercure du Nord.
_pVerbatim.
_911552
856 4 0 _3ebrary
_uhttp://site.ebrary.com/id/10348854
942 _2lcc
_cBOOK
999 _c2532
_d2532